| 000 | 00903cam a22003013a 4500 | ||
|---|---|---|---|
| 001 | 15588 | ||
| 003 | PGUSA | ||
| 005 | 20140828083332.0 | ||
| 008 | 050408s2005||||xxu|||||s|||||000 1 eng d | ||
| 040 |
_aPGUSA _beng |
||
| 042 | _adc | ||
| 050 | 4 | _aPT | |
| 100 | 1 |
_aLie, Jonas, _d1833-1908 |
|
| 245 | 1 | 4 |
_aThe Pilot and his Wife _h[electronic resource] / _cJonas Lie |
| 260 |
_bProject Gutenberg, _c2005 |
||
| 500 | _aTranslation of: Lodsen og hans Hustru | ||
| 506 | _aPublic domain in the USA. | ||
| 516 | _aElectronic text | ||
| 653 | _aNorway -- Fiction | ||
| 653 | _aMarried people -- Fiction | ||
| 653 | _aMan-woman relationships -- Fiction | ||
| 653 | _aSeafaring life -- Fiction | ||
| 700 | 1 |
_aTottenham, G. L. _q(George Loftus) |
|
| 740 | 0 | _aLodsen og hans Hustru. English | |
| 830 | 0 |
_aProject Gutenberg _v15588 |
|
| 856 | 4 | 0 | _uhttp://www.gutenberg.org/ebooks/15588 |
| 942 | _cEB | ||
| 999 |
_c244843 _d244843 |
||